Fr. Conceicao Rodrigues College of Engineering

Java EE Project using EJB3 JPA and struts 2 for begineers (Record no. 24936)

MARC details
000 -LEADER
fixed length control field 00346nam a2200157Ia 4500
082 ## - DEWEY DECIMAL CLASSIFICATION NUMBER
Classification number 5.133
Item number SHA
100 ## - MAIN ENTRY--PERSONAL NAME
Personal name Shah/Sharanam
245 ## - TITLE STATEMENT
Title Java EE Project using EJB3 JPA and struts 2 for begineers
260 ## - PUBLICATION, DISTRIBUTION, ETC.
Name of publisher, distributor, etc. SPD
Date of publication, distribution, etc. 2009
366 ## - TRADE AVAILABILITY INFORMATION
Publishers's discount category 20
300 ## - PHYSICAL DESCRIPTION
Extent 1129
546 ## - LANGUAGE NOTE
Language note ENGLISH
-- Computers
650 ## - SUBJECT ADDED ENTRY--TOPICAL TERM
Topical term or geographic name entry element Java
942 ## - ADDED ENTRY ELEMENTS (KOHA)
Koha item type BOOK
Holdings
Withdrawn status Lost status Damaged status Not for loan Collection Home library Current library Date acquired Source of acquisition Cost, normal purchase price Inventory number Total Checkouts Full call number Barcode Date last seen Cost, replacement price Price effective from Koha item type
        CRC Fr. Agnel's C.Rodrigues College of Engineering Fr. Agnel's C.Rodrigues College of Engineering 17/03/2023 Book Service Syndicate 820.00 519 dt 28/03/2012   5.133 SHA 21869 17/03/2023 1025.00   BOOK